90 secs Countries of the World: by Tripoints of Country with Shared Tripoints - Statistics

General Stats
  • This quiz has been taken 53 times
  • The average score is 67 of 133
Answer Stats
Country % Correct
Poland
97%
Russia
97%
Belarus
94%
Estonia
94%
Latvia
94%
Lithuania
94%
Ukraine
94%
Afghanistan
87%
Azerbaijan
87%
China
87%
Tajikistan
87%
Brazil
84%
France
84%
India
84%
Kazakhstan
84%
Kyrgyzstan
84%
Pakistan
84%
Bhutan
81%
Burma
81%
Finland
81%
Georgia
81%
Laos
81%
Mongolia
81%
Nepal
81%
North Korea
81%
Norway
81%
Suriname
81%
Vietnam
81%
Argentina
77%
Bolivia
77%
Chile
77%
Paraguay
77%
Peru
77%
Colombia
74%
Uruguay
74%
Germany
71%
Guyana
71%
Switzerland
71%
Venezuela
71%
Belgium
68%
Italy
68%
Luxembourg
68%
Austria
65%
Czech Republic
61%
Algeria
58%
Andorra
58%
Iran
58%
Libya
58%
Niger
58%
Spain
58%
Turkey
58%
Chad
55%
Liechtenstein
55%
Mali
55%
Netherlands
55%
Turkmenistan
55%
Bulgaria
52%
Greece
52%
Serbia
52%
Tunisia
52%
Hungary
48%
Mauritania
48%
Morocco
48%
Sudan
48%
Armenia
45%
Bangladesh
45%
Ecuador
45%
Iraq
45%
Romania
45%
Burkina Faso
42%
Central African Republic
42%
Croatia
42%
Kosovo
42%
Macedonia
42%
Slovenia
42%
Tanzania
42%
Uzbekistan
42%
Zambia
42%
Egypt
39%
Montenegro
39%
Namibia
39%
South Sudan
39%
Syria
39%
Benin
35%
Democratic Republic of the Congo
35%
Nigeria
35%
Slovakia
35%
Uganda
35%
Albania
32%
Angola
32%
Bosnia and Herzegovina
32%
Botswana
32%
Burundi
32%
Jordan
32%
Kuwait
32%
Mozambique
32%
Rwanda
32%
Saudi Arabia
32%
Senegal
32%
Thailand
32%
Zimbabwe
32%
Belize
29%
Cambodia
29%
Cameroon
29%
Côte d'Ivoire
29%
El Salvador
29%
Guatemala
29%
Honduras
29%
Mexico
29%
Republic of the Congo
29%
South Africa
29%
Swaziland
29%
Guinea
26%
Malawi
26%
Moldova
26%
Eritrea
23%
Ethiopia
23%
Gabon
19%
Kenya
19%
Oman
19%
United Arab Emirates
19%
Yemen
19%
Djibouti
16%
Somalia
16%
Sweden
16%
Guinea-Bissau
13%
Israel
13%
Lebanon
13%
Liberia
10%
Sierra Leone
10%
Equatorial Guinea
6%
Ghana
6%
Togo
6%
No matching quizzes found
Score Distribution
Percent of People with Each Score
Percentile by Number Answered
Your Score History
You have not taken this quiz